00984nam a2200253Ia 4500001001100000003000800011006001900019007001500038008004100053040002100094035002100115050002400136100003200160245009900192260004400291300001000335533015200345650002400497650002300521655002900544710001700573856012500590999001500715ebr5000520CaPaEBRm u cr cn|||||||||010626s2001 vau s 000 0 eng d aCaPaEBRcCaPaEBR a(OCoLC)68062909714aPR4611b.H86 2001eb1 aCarroll, Lewis,d1832-1898.14aThe hunting of the snarkh[electronic resource] :ban agony in eight fits /cby Lewis Carroll. aBlacksburg, VA :bVirginia Tech,c2001. a15 p. aElectronic reproduction.bPalo Alto, Calif. :cebrary,d2010.nAvailable via World Wide Web.nAccess may be limited to ebrary affiliated libraries. 0aEnglish literature. 0aAdventure stories. 7aElectronic books.2local2 aebrary, Inc.40uhttp://site.ebrary.com/lib/rucke/Doc?id=5000520zAn electronic book accessible through the World Wide Web; click to view c2856d2856